000 00786nam a2200241Ia 4500
003 OSt
005 20220927105431.0
006 a|||||r|||| 00| 0
007 ta
008 220926b |||||||| |||| 00| 0 eng d
024 _a172614
037 _cReference Collections
040 _aRTL
_cRTL
_beng
041 _2eng
_aeng
082 _a"X9 (F555).211.P04 - P03r, P4/GD"
110 _aSOUTHERN PETROCHEMICAL INDUSTRIES CORPORATION LIMITED.
_9372488
245 0 _a34th Annual report 2003-04.
260 _aChannai
_bSPIC
_c2004
300 _a108p.
_ccm.
700 _aSOUTHERN PETROCHEMICAL INDUSTRIES CORPORATION LIMITED.
_9372489
942 _h"X9 (F555).211.P04 - P03r, P4/GD"
_cCC
999 _c692531
_d692531